000 00729nam a22002177a 4500
005 20130529155431.0
010 _aENG-107245
020 _a9781259007347
_c995.00
020 _a1259007340
_c995.00
035 _aEN-90778
037 _bDBAD/PUB
082 _a671.3
245 _aMetal forming :
_cedited by Uday Shankar Dixit [and] R.Ganesh Narayanan
_btechnology and process modelling /
260 _aNew Delhi
_bTata McGraw Hill
_c2013
270 _aP-24,Green Park Extension
_bNew Delhi
_e110006
300 _axvi,568p.:
_c24cm(Hb)
_bcol,ill.
500 _aIncludes bibliographical references and index
700 _dDixit, Uday Shankar
700 _dGanesh Narayanan, R.
942 _2ddc
_cEN
_mDIX
_h671.3
999 _c76197
_d76197